Państwa wydobywające najwięcej miedzi - Statystyki

Ogólne statystyki
  • Ten quiz został rozwiązany 193 razy
    48 od ostatniego zresetowania
  • Średni wynik to 10 z 13
Statystyki odpowiedzi
W tonach Państwo % Poprawnych
400 000 Polska
98%
910 000 Rosja
96%
1 100 000 Stany Zjednoczone
96%
1 700 000 Chiny
93%
480 000 Kanada
91%
810 000 Australia
83%
5 000 000 Chile
83%
750 000 Meksyk
78%
2 600 000 Peru
70%
840 000 Indonezja
67%
600 000 Kazachstan
61%
2 500 000 Demokratyczna Republika Konga
57%
760 000 Zambia
22%
Nie znaleziono quizów pasujących do podanych kryteriów
Rozkład punktacji
Procent ludzi z każdym wynikiem
Percentyl według liczby udzielonych odpowiedzi
Twoja historia wyników
Nie rozwiązałeś tego quizu od ostatniego zresetowania